Gandhi's assassination : (Record no. 133663)

MARC details
000 -LEADER
fixed length control field 00733nam a22002297a 4500
005 - DATE AND TIME OF LATEST TRANSACTION
control field 20170124110213.0
010 ## - LIBRARY OF CONGRESS CONTROL NUMBER
LC control number B-226994
020 ## - INTERNATIONAL STANDARD BOOK NUMBER
Terms of availability 300.00
International Standard Book Number 9788189072131
035 ## - SYSTEM CONTROL NUMBER
System control number B-226994
037 ## - SOURCE OF ACQUISITION
Source of stock number/acquisition Cen Lib/Ret
040 ## - CATALOGING SOURCE
Original cataloging agency DPL
Language of cataloging EN
082 ## - DEWEY DECIMAL CLASSIFICATION NUMBER
Classification number 954.09
Item number MAK
100 ## - MAIN ENTRY--PERSONAL NAME
Personal name Makkhan Lal
9 (RLIN) 22236
245 ## - TITLE STATEMENT
Title Gandhi's assassination :
Statement of responsibility, etc by Makkhan Lal
Remainder of title what the documents say /
260 ## - PUBLICATION, DISTRIBUTION, ETC. (IMPRINT)
Place of publication, distribution, etc New Delhi
Name of publisher, distributor, etc India first founadation
Date of publication, distribution, etc 2006
270 ## - ADDRESS
City New Delhi
Address G-3 Dhawandeep builiding 6, Jantar mantar road
Postal code 110001
300 ## - PHYSICAL DESCRIPTION
Extent xv,198p.
Dimensions 23cm(Hb)
500 ## - GENERAL NOTE
General note Includes index
650 ## - SUBJECT ADDED ENTRY--TOPICAL TERM
Topical term or geographic name as entry element Political science
9 (RLIN) 38562
650 ## - SUBJECT ADDED ENTRY--TOPICAL TERM
Topical term or geographic name as entry element Assassination
General subdivision Political leader
9 (RLIN) 38563
942 ## - ADDED ENTRY ELEMENTS (KOHA)
Source of classification or shelving scheme Dewey Decimal Classification
Koha item type English Books
Classification part 954.09
Call number suffix MAK
Holdings
Withdrawn status Lost status Damaged status Not for loan Home library Current library Date acquired Source of acquisition Cost, normal purchase price Total Checkouts Full call number Barcode Date last seen Copy number Cost, replacement price Price effective from Koha item type Source of classification or shelving scheme Collection code Date checked out
        Central Library Central Library 27/07/2015 Cen Lib/Ret 300.00   954.09 MAK B-226994 27/07/2015 1 300.00 27/07/2015 English Books      
        Sarojini Nagar Sarojini Nagar 25/05/2019     1 954.09 MAK B-226995 30/12/2019     25/05/2019 English Books Dewey Decimal Classification Non-fiction 16/12/2019

© Delhi Public Library
Hit Counter
free hit counter